000 00733nam a2200253 a 4500
001 9696
003 CO-ViMGA
005 20250819144049.0
008 150513s2014 ck gr 0001pdspa d
020 _a9789585840737
040 _aCO-ViMGA
_bspa
_cCO-ViMGA
043 _as-ck---
084 _aP FER1
100 1 _aFernández Molano, Jaime,
_d1960-
245 1 0 _aEdición secreta :
_bpoesía /
_cJaime Fernández Molano.
300 _a95 páginas ;
_c24 cm.
650 1 4 _aAmor
_v Poesías.
_962547
650 1 4 _aDeseo
_v Poesías.
_962548
650 1 4 _aFelicidad
_v Poesías.
_962549
650 1 4 _aPoesía colombiana.
_91069
650 1 4 _aSueños
_v Poesías.
_962550
650 1 4 _aViolencia
_v Poesías.
_962551
942 _2ddc
_cBK
999 _c9696
_d9696